[Event "BLR-ch 87th"]
[Site "Minsk"]
[Date "2021.05.09"]
[Round "2"]
[White "Maiorov, Nikita"]
[Black "Lomako, Pavel"]
[Result "1-0"]
[WhiteElo "2477"]
[BlackElo "2278"]
[PlyCount "99"]
[EventDate "2021.05.08"]
[EventType "swiss"]
[EventRounds "9"]
[EventCountry "BLR"]
[SourceTitle "CBM 202 Extra"]
[Source "ChessBase"]
[SourceDate "2021.07.31"]
[SourceVersion "1"]
[SourceVersionDate "2021.07.31"]
[SourceQuality "1"]

1. d4 Nf6 2. c4 e6 3. Nf3 b6 4. g3 Bb7 5. Bg2 Bb4+ 6. Bd2 Bxd2+ 7. Qxd2 0-0 8. 0-0 d6 9. Qf4 Nbd7 10. Nc3 Re8 11. e4 e5 12. Qe3 exd4 13. Nxd4 Nc5 14. f3 d5 15. cxd5 Nxd5 16. Nxd5 Qxd5 17. b4 Na6 18. Qc3 Qd6 19. a3 Rad8 20. Nf5 Qe5 21. Qxe5 Rxe5 22. Rfd1 Ree8 23. Bf1 g6 24. Ne3 Kf8 25. Kf2 Ke7 26. Bxa6 Bxa6 27. Nd5+ Rxd5 28. Rxd5 Bc4 29. Rd2 b5 30. a4 a6 31. axb5 axb5 32. Ra6 Rb8 33. Rc6 Rb7 34. f4 Be6 35. Rc5 Bc4 36. Re5+ Kf6 37. g4 h6 38. h4 Rb8 39. Rc5 Ra8 40. e5+ Kg7 41. Rxc7 Be6 42. Rd6 Bxg4 43. Rf6 Rf8 44. Ke3 Bh3 45. h5 gxh5 46. f5 h4 47. Kf4 Bf1 48. Rg6+ Kh8 49. Rxh6+ Kg8 50. Rc1 1-0

[Event "BLR-chT"]
[Site "Minsk"]
[Date "2017.05.12"]
[Round "5.2"]
[White "Lomako, Pavel"]
[Black "Stetsko, Lanita"]
[Result "1-0"]
[WhiteElo "2333"]
[BlackElo "2202"]
[PlyCount "87"]
[EventDate "2017.05.08"]
[EventType "team-swiss"]
[EventRounds "7"]
[EventCountry "BLR"]
[SourceTitle "CBM 178 Extra"]
[Source "ChessBase"]
[SourceDate "2017.06.22"]
[SourceVersion "1"]
[SourceVersionDate "2017.06.22"]
[SourceQuality "1"]
[WhiteTeam "Vector"]
[BlackTeam "Bossa Nova"]
[WhiteTeamCountry "BLR"]
[BlackTeamCountry "BLR"]

1. d4 Nf6 2. Nf3 e6 3. Bg5 d5 4. e3 c5 5. c3 Nc6 6. Nbd2 h6 7. Bh4 g5 8. Bg3 Nh5 9. Bd3 Nxg3 10. hxg3 Bg7 11. dxc5 Qe7 12. e4 Qxc5 13. Nb3 Qe7 14. exd5 exd5+ 15. Qe2 Qxe2+ 16. Bxe2 Bf5 17. 0-0-0 Be4 18. Nc5 0-0-0 19. Nxe4 dxe4 20. Nd2 Rhe8 21. Nc4 Kc7 22. Bh5 Rf8 23. Rxd8 Nxd8 24. Ne3 f5 25. Bg6 f4 26. gxf4 gxf4 27. Nd5+ Kd6 28. Bxe4 Ne6 29. Rd1 Ke5 30. Bf3 Ng5 31. Ne7 Rf7 32. Ng6+ Kf5 33. Bh5 Rc7 34. Rd5+ Ke4 35. Rd8 Ne6 36. Re8 Kf5 37. Ne7+ Kg5 38. Nd5 Rc6 39. Bf7 Nc7 40. Rg8 Nxd5 41. Rxg7+ Kf6 42. Bxd5 Kxg7 43. Bxc6 bxc6 44. Kd2 1-0

[Event "BLR-chT"]
[Site "Minsk"]
[Date "2016.04.26"]
[Round "2"]
[White "Revo, Tatiana"]
[Black "Lomako, Pavel"]
[Result "0-1"]
[WhiteElo "2072"]
[BlackElo "2336"]
[PlyCount "50"]
[EventDate "2016.04.25"]
[EventType "team-swiss"]
[EventRounds "7"]
[EventCountry "BLR"]
[SourceTitle "CBM 172 Extra"]
[Source "ChessBase"]
[SourceDate "2016.06.21"]
[SourceVersion "1"]
[SourceVersionDate "2016.06.21"]
[SourceQuality "1"]
[WhiteTeam "Bossa Nova"]
[BlackTeam "Vector"]
[WhiteTeamCountry "BLR"]
[BlackTeamCountry "BLR"]

1. e4 c6 2. d4 d5 3. Nc3 dxe4 4. Nxe4 Nf6 5. Nxf6+ exf6 6. c3 Bd6 7. Ne2 0-0 8. Be3 Re8 9. Qc2 Qa5 10. Ng3 f5 11. Ne2 f4 12. Bd2 Qh5 13. 0-0-0 Bf5 14. Qb3 f3 15. Nf4 Bxf4 16. Bxf4 fxg2 17. Bxg2 Bg6 18. Rhe1 Nd7 19. c4 Qf5 20. Bg3 Rad8 21. Bf1 Rxe1 22. Rxe1 Nc5 23. Qc3 Qb1+ 24. Kd2 Ne4+ 25. Rxe4 Qxe4 0-1

[Event "Minsk op"]
[Site "Minsk"]
[Date "2015.07.18"]
[Round "4"]
[White "Lomako, Pavel"]
[Black "Svjatocho, Andrej"]
[Result "1/2-1/2"]
[WhiteElo "2347"]
[BlackElo "2048"]
[PlyCount "23"]
[EventDate "2015.07.15"]
[EventType "swiss"]
[EventRounds "9"]
[EventCountry "BLR"]
[SourceTitle "CBM 167 Extra"]
[Source "ChessBase"]
[SourceDate "2015.09.14"]
[SourceVersion "1"]
[SourceVersionDate "2015.09.14"]
[SourceQuality "1"]

1. d4 e6 2. Nf3 f5 3. g3 Nf6 4. Bg2 d5 5. 0-0 Bd6 6. c4 c6 7. Qc2 0-0 8. Nc3 Ne4 9. Rb1 Qe7 10. b4 b6 11. b5 Bb7 12. Bb2 1/2-1/2

[Event "Kostroma-ch"]
[Site "Kostroma"]
[Date "2014.09.25"]
[Round "1"]
[White "Lomako, Pavel"]
[Black "Yeletsky, Ivan"]
[Result "1-0"]
[WhiteElo "2384"]
[BlackElo "2284"]
[PlyCount "109"]
[EventDate "2014.??.??"]
[EventType "tourn"]
[EventRounds "9"]
[EventCountry "RUS"]
[SourceTitle "EXT 2015"]
[Source "ChessBase"]
[SourceDate "2014.11.20"]
[SourceVersion "1"]
[SourceVersionDate "2014.11.20"]
[SourceQuality "1"]

1. c4 Nf6 2. Nc3 d5 3. cxd5 Nxd5 4. g3 g6 5. Qa4+ Nc6 6. Bg2 e6 7. Nh3 Nb6 8. Bxc6+ bxc6 9. Qxc6+ Bd7 10. Qe4 Bg7 11. d4 e5 12. Nf4 Bf5 13. Qc6+ Bd7 14. Qe4 f5 15. Qe3 e4 16. b3 Qf6 17. Bb2 Qxd4 18. Qxd4 Bxd4 19. 0-0-0 Bg7 20. Ncd5 Bxb2+ 21. Kxb2 0-0-0 22. h4 Rhf8 23. Rc1 c6 24. Nb4 Kb7 25. Rc5 Rc8 26. e3 Rfd8 27. Nc2 Be8 28. Nd4 Rd6 29. Rhc1 Nd7 30. Ra5 Bf7 31. Rc2 Bg8 32. Ra4 Nb6 33. Ra5 Nd7 34. Nfe2 Rd5 35. Rxd5 Bxd5 36. Nf4 Bg8 37. h5 Bf7 38. Rc1 Ne5 39. hxg6 hxg6 40. Rh1 g5 41. Nfe2 Rd8 42. Rh7 Kb6 43. Nc3 Bg6 44. Na4+ Ka6 45. Rg7 Rd6 46. Nc5+ Kb6 47. Na4+ Ka6 48. Nc5+ Kb6 49. b4 Nd3+ 50. Nxd3 exd3 51. Nb3 d2 52. Nc5 Kb5 53. Kc3 Rd3+ 54. Nxd3 d1N+ 55. Kb3 1-0

[Event "BLR-ch 80th"]
[Site "Minsk"]
[Date "2014.01.18"]
[Round "12"]
[White "Lomako, Pavel"]
[Black "Nikitenko, Mihail"]
[Result "1/2-1/2"]
[WhiteElo "2370"]
[BlackElo "2101"]
[PlyCount "62"]
[EventDate "2014.01.07"]
[EventType "tourn"]
[EventRounds "13"]
[EventCountry "BLR"]
[EventCategory "9"]
[SourceTitle "CBM 158 Extra"]
[Source "ChessBase"]
[SourceDate "2014.02.28"]
[SourceVersion "1"]
[SourceVersionDate "2014.02.28"]
[SourceQuality "1"]

1. c4 e5 2. Nc3 Nf6 3. g3 d5 4. cxd5 Nxd5 5. Bg2 Nb6 6. Nf3 Nc6 7. 0-0 Be7 8. d3 0-0 9. a3 f5 10. b4 Be6 11. Bb2 Bf6 12. Nd2 Nd5 13. Nxd5 Bxd5 14. e4 fxe4 15. Nxe4 Nd4 16. Bxd4 exd4 17. Qh5 c6 18. Nc5 Bxg2 19. Kxg2 g6 20. Qg4 Rf7 21. Rfb1 Qd5+ 22. Ne4 Be7 23. Kg1 Rf5 24. Qd1 Kg7 25. a4 a6 26. Rb2 Raf8 27. Rab1 b6 28. Rc1 a5 29. bxa5 Ba3 30. Rxb6 Bxc1 31. Qxc1 Qxa5 1/2-1/2

[Event "BLR-ch 80th"]
[Site "Minsk"]
[Date "2014.01.17"]
[Round "11"]
[White "Ziaziulkina, Nastassia"]
[Black "Lomako, Pavel"]
[Result "1-0"]
[WhiteElo "2386"]
[BlackElo "2370"]
[PlyCount "115"]
[EventDate "2014.01.07"]
[EventType "tourn"]
[EventRounds "13"]
[EventCountry "BLR"]
[EventCategory "9"]
[SourceTitle "CBM 158 Extra"]
[Source "ChessBase"]
[SourceDate "2014.02.28"]
[SourceVersion "1"]
[SourceVersionDate "2014.02.28"]
[SourceQuality "1"]

1. e4 c6 2. d4 d5 3. Nd2 g6 4. Ngf3 Bg7 5. Bd3 Nd7 6. Qe2 dxe4 7. Nxe4 Ndf6 8. Neg5 Nh6 9. 0-0 0-0 10. c3 Nf5 11. Re1 h6 12. Ne4 Nd5 13. Bd2 e6 14. Rad1 Qc7 15. h3 Nf4 16. Bxf4 Qxf4 17. Ne5 Qh4 18. Qf3 Qd8 19. Qf4 Qh4 20. Qf3 Qd8 21. Bb1 Nd6 22. Nxd6 Qxd6 23. h4 Bd7 24. Qd3 h5 25. Re3 Rad8 26. Bc2 Be8 27. Qe2 c5 28. dxc5 Qc7 29. Rxd8 Qxd8 30. g3 Qc7 31. b4 b6 32. cxb6 axb6 33. Qe1 Bc6 34. f4 Bd5 35. a4 Rc8 36. Qe2 Bf8 37. Qb5 Ba8 38. Qd7 Bxb4 39. cxb4 Qxd7 40. Nxd7 Rxc2 41. Nxb6 Bg2 42. b5 Kg7 43. a5 Kf6 44. a6 Kf5 45. Ra3 Be4 46. a7 Rc5 47. Rb3 Rc1+ 48. Kf2 Ra1 49. Nc4 Ba8 50. b6 Kg4 51. b7 Bxb7 52. Rxb7 Ra2+ 53. Ke1 f6 54. Kd1 Ra1+ 55. Ke2 Ra2+ 56. Kf1 Ra1+ 57. Kg2 Ra2+ 58. Rb2 1-0

[Event "BLR-ch 80th"]
[Site "Minsk"]
[Date "2014.01.13"]
[Round "7"]
[White "Zhigalko, Sergei"]
[Black "Lomako, Pavel"]
[Result "0-1"]
[WhiteElo "2682"]
[BlackElo "2370"]
[PlyCount "81"]
[EventDate "2014.01.07"]
[EventType "tourn"]
[EventRounds "13"]
[EventCountry "BLR"]
[EventCategory "9"]
[SourceTitle "CBM 158 Extra"]
[Source "ChessBase"]
[SourceDate "2014.02.28"]
[SourceVersion "1"]
[SourceVersionDate "2014.02.28"]
[SourceQuality "1"]

1. e4 c6 2. d4 d5 3. Nd2 g6 4. Ngf3 Bg7 5. Bd3 Nd7 6. Qe2 dxe4 7. Nxe4 Ndf6 8. Nc5 Nd5 9. 0-0 Ngf6 10. c4 Nb4 11. Bb1 b6 12. Ne4 0-0 13. a3 Na6 14. Rd1 Bb7 15. Bf4 Nc7 16. Neg5 b5 17. b3 bxc4 18. bxc4 c5 19. dxc5 Qc8 20. Ra2 Na6 21. c6 Qxc6 22. Qf1 Nc5 23. Ne5 Qc8 24. Re2 Nh5 25. Bc1 f6 26. Nxh7 fxe5 27. Nxf8 Qxf8 28. Bxg6 Nf4 29. Bxf4 Qxf4 30. Re3 e4 31. Rh3 Nd3 32. Bh7+ Kf8 33. Rh5 e6 34. g3 Qf3 35. Rh4 Ke7 36. Rxe4 Nxf2 37. Rde1 Qh1+ 38. Kxf2 Rf8+ 39. Rf4 Rxf4+ 40. gxf4 Qf3+ 41. Kg1 0-1

[Event "BLR-ch 80th"]
[Site "Minsk"]
[Date "2014.01.11"]
[Round "5"]
[White "Aleksandrov, Aleksej"]
[Black "Lomako, Pavel"]
[Result "1/2-1/2"]
[WhiteElo "2578"]
[BlackElo "2370"]
[PlyCount "72"]
[EventDate "2014.01.07"]
[EventType "tourn"]
[EventRounds "13"]
[EventCountry "BLR"]
[EventCategory "9"]
[SourceTitle "CBM 158 Extra"]
[Source "ChessBase"]
[SourceDate "2014.02.28"]
[SourceVersion "1"]
[SourceVersionDate "2014.02.28"]
[SourceQuality "1"]

1. d4 Nf6 2. c4 e6 3. Nc3 Bb4 4. e3 0-0 5. Bd3 d5 6. cxd5 exd5 7. Nge2 Re8 8. 0-0 Bf8 9. a3 a5 10. Qc2 Na6 11. b3 g6 12. Bd2 b6 13. Rfe1 Bb7 14. f3 c5 15. Nb5 a4 16. Nec3 axb3 17. Qxb3 c4 18. Bxc4 dxc4 19. Qxc4 Rc8 20. Qb3 Nc7 21. Na7 Rb8 22. Rad1 Nfd5 23. Nab5 Nxc3 24. Nxc3 Bh6 25. Kh1 Nd5 26. Nb5 Nc7 27. Nc3 Nd5 28. Nb5 Ba6 29. e4 Bxd2 30. Rxd2 Bxb5 31. Qxb5 Qd6 32. Rb1 Nc3 33. Qb4 Qxb4 34. Rxb4 Nd5 35. Rb1 Nc7 36. d5 Red8 1/2-1/2

[Event "BLR-ch"]
[Site "Minsk"]
[Date "2013.01.12"]
[Round "1"]
[White "Teterev, Vitaly"]
[Black "Lomako, Pavel"]
[Result "1-0"]
[WhiteElo "2536"]
[BlackElo "2361"]
[PlyCount "65"]
[EventDate "2013.01.12"]
[EventType "tourn"]
[EventRounds "11"]
[EventCountry "BLR"]
[EventCategory "10"]
[SourceTitle "CBM 152 Extra"]
[Source "ChessBase"]
[SourceDate "2013.02.25"]
[SourceVersion "1"]
[SourceVersionDate "2013.02.25"]
[SourceQuality "1"]

1. Nf3 Nf6 2. g3 b5 3. Bg2 Bb7 4. 0-0 e6 5. d4 c5 6. Na3 b4 7. Nc4 d5 8. Nce5 Be7 9. c4 bxc3 10. bxc3 0-0 11. Rb1 Qc8 12. Ba3 Nbd7 13. Qc2 Nb6 14. Nd2 Re8 15. Rfc1 Ba6 16. Qd1 Rb8 17. c4 Bxc4 18. Ndxc4 Nxc4 19. Rxb8 Qxb8 20. Nxc4 dxc4 21. Bxc5 Bxc5 22. dxc5 Rd8 23. Qc2 Rd4 24. e3 Rd8 25. Qxc4 h5 26. c6 Qc7 27. Qb4 Ne8 28. Bf3 g6 29. Rb1 Qe5 30. Qe7 Rb8 31. Rd1 Qf5 32. Kg2 h4 33. gxh4 1-0

[Event "Kostroma Autumn"]
[Site "Kostroma"]
[Date "2012.09.25"]
[Round "6"]
[White "Lomako, Pavel"]
[Black "Moiseenko, Ilya"]
[Result "0-1"]
[WhiteElo "2358"]
[BlackElo "2244"]
[PlyCount "112"]
[EventDate "2012.09.22"]
[EventType "tourn"]
[EventRounds "9"]
[EventCountry "RUS"]
[SourceTitle "EXT 2013"]
[Source "ChessBase"]
[SourceDate "2012.11.22"]
[SourceVersion "1"]
[SourceVersionDate "2012.11.22"]
[SourceQuality "1"]

1. d4 d5 2. Nf3 Nf6 3. e3 Bf5 4. c4 e6 5. Qb3 b6 6. Ne5 Nfd7 7. Nxd7 Qxd7 8. Nc3 c6 9. Qd1 Bd6 10. Bd3 Bxd3 11. Qxd3 f5 12. 0-0 0-0 13. Bd2 Qf7 14. Rac1 Nd7 15. Ne2 Rac8 16. Rfe1 Nf6 17. h3 g5 18. cxd5 cxd5 19. Qb3 Rxc1 20. Rxc1 Qh5 21. f3 Bb8 22. Bb4 Re8 23. Qa3 g4 24. Bd6 gxf3 25. Nf4 Qh4 26. Bxb8 Rxb8 27. Qd6 Re8 28. Qe5 Ne4 29. Rf1 f2+ 30. Kh2 Nd2 31. Rc1 f1Q 32. Rxf1 Nxf1+ 33. Kh1 Ng3+ 34. Kh2 Ne4 35. Nxd5 Kf7 36. Qc7+ Kf8 37. Nf4 Qg3+ 38. Kg1 Qxe3+ 39. Kh2 Qg3+ 40. Kg1 Qg7 41. Qc4 Qe7 42. b4 Qd6 43. Nh5 Rd8 44. Qc1 Qxd4+ 45. Kh2 Qd6+ 46. Nf4 Kf7 47. b5 Qd2 48. Qf1 Qd6 49. Qf3 Nf6 50. a4 Rd7 51. a5 bxa5 52. b6 axb6 53. Kg3 Nd5 54. Qh5+ Kf8 55. Kh4 Qxf4+ 56. g4 fxg4 0-1

[Event "Kostroma Autumn"]
[Site "Kostroma"]
[Date "2012.09.24"]
[Round "4"]
[White "Lomako, Pavel"]
[Black "Bivol, Alina"]
[Result "1-0"]
[WhiteElo "2358"]
[BlackElo "2137"]
[PlyCount "91"]
[EventDate "2012.09.22"]
[EventType "tourn"]
[EventRounds "9"]
[EventCountry "RUS"]
[SourceTitle "EXT 2013"]
[Source "ChessBase"]
[SourceDate "2012.11.22"]
[SourceVersion "1"]
[SourceVersionDate "2012.11.22"]
[SourceQuality "1"]

1. d4 d5 2. Nf3 c6 3. e3 e6 4. Nbd2 Bd6 5. e4 Nd7 6. c3 Ne7 7. e5 Bb8 8. Bd3 f6 9. exf6 Nxf6 10. 0-0 0-0 11. Re1 Nf5 12. Ne5 c5 13. dxc5 Nd7 14. Nxd7 Bxd7 15. Nf3 h6 16. Ne5 Bxe5 17. Rxe5 Qf6 18. f4 Ne7 19. Bc2 Rad8 20. Re1 Nc6 21. Be3 Bc8 22. Qd3 d4 23. cxd4 Nxd4 24. Qc4 Nxc2 25. Qxc2 Bd7 26. Rad1 Bc6 27. b4 Rd5 28. Rxd5 Bxd5 29. a4 a6 30. Rd1 Rc8 31. f5 Rf8 32. Bd4 Qxf5 33. Qxf5 Rxf5 34. b5 Bb3 35. Rb1 Bxa4 36. c6 Rf7 37. Be5 bxc6 38. b6 Rb7 39. Bc7 Kf7 40. Kf2 Bb5 41. Rd1 Ke7 42. Rd8 a5 43. Ra8 Kd7 44. Ra7 Kc8 45. Rxa5 Bd3 46. Ra8+ 1-0

[Event "Kostroma Autumn"]
[Site "Kostroma"]
[Date "2012.09.24"]
[Round "5"]
[White "Mikhailov, Viacheslav"]
[Black "Lomako, Pavel"]
[Result "1/2-1/2"]
[WhiteElo "2326"]
[BlackElo "2358"]
[PlyCount "84"]
[EventDate "2012.09.22"]
[EventType "tourn"]
[EventRounds "9"]
[EventCountry "RUS"]
[SourceTitle "EXT 2013"]
[Source "ChessBase"]
[SourceDate "2012.11.22"]
[SourceVersion "1"]
[SourceVersionDate "2012.11.22"]
[SourceQuality "1"]

1. e4 c6 2. Nc3 d5 3. Nf3 g6 4. d3 Bg7 5. Be2 dxe4 6. Nxe4 Nd7 7. 0-0 Ngf6 8. c3 0-0 9. Nxf6+ Nxf6 10. d4 Qc7 11. Bg5 c5 12. dxc5 Qxc5 13. Be3 Qc7 14. Nd4 a6 15. Qc1 Bg4 16. h3 Bxe2 17. Nxe2 Rfd8 18. Qc2 Qc4 19. Ng3 Nd5 20. Rfe1 Nxe3 21. Rxe3 e6 22. Ne4 Rd5 23. b3 Qc6 24. Rd1 Rad8 25. Red3 f5 26. Ng5 h6 27. Nf3 Rxd3 28. Rxd3 Rxd3 29. Qxd3 Qxc3 30. Qd7 e5 31. Qxb7 e4 32. Nh2 Qa1+ 33. Nf1 Qxa2 34. g4 fxg4 35. hxg4 Qe2 36. Ne3 Qd3 37. Kg2 Kh7 38. b4 Kh8 39. Qf7 Bd4 40. Qf8+ Kh7 41. Qf7+ Kh8 42. Qf8+ Kh7 1/2-1/2

[Event "Kostroma Volga Cup"]
[Site "Kostroma"]
[Date "2012.07.12"]
[Round "9"]
[White "Dzhangobegov, Vladimir"]
[Black "Lomako, Pavel"]
[Result "1-0"]
[WhiteElo "2360"]
[BlackElo "2367"]
[PlyCount "133"]
[EventDate "2012.07.04"]
[EventType "tourn"]
[EventRounds "9"]
[EventCountry "RUS"]
[EventCategory "3"]
[SourceTitle "EXT 2013"]
[Source "ChessBase"]
[SourceDate "2012.11.22"]
[SourceVersion "1"]
[SourceVersionDate "2012.11.22"]
[SourceQuality "1"]

1. e4 c6 2. d4 d5 3. e5 c5 4. Nf3 Nc6 5. dxc5 Bg4 6. c3 e6 7. Be3 Nge7 8. Bb5 Qc7 9. Nbd2 Nf5 10. Bd4 Be7 11. Qa4 0-0 12. Bxc6 bxc6 13. 0-0 Rfb8 14. b3 a5 15. h3 Bxf3 16. Nxf3 Rb5 17. g4 Nxd4 18. cxd4 Qb7 19. Qa3 a4 20. bxa4 Rb4 21. Qd3 Raxa4 22. Rfb1 Rxa2 23. Rxa2 Rxb1+ 24. Kg2 h6 25. Qa6 Qc7 26. Qa5 Qc8 27. Qa7 Rb7 28. Qa6 Qc7 29. Qd3 Rb8 30. Ra6 Bd8 31. Qa3 Kh7 32. Qa4 Rc8 33. Ra7 Qb8 34. Rxf7 Kg8 35. Ra7 Bg5 36. h4 Bc1 37. Qa6 Rf8 38. Qb7 Qxb7 39. Rxb7 Rf4 40. Kg3 Re4 41. Rb6 g5 42. hxg5 hxg5 43. Rxc6 Kf7 44. Rb6 Re2 45. Rb7+ Ke8 46. Rg7 Bf4+ 47. Kg2 Be3 48. Nxg5 Rxf2+ 49. Kg3 Rf1 50. Nxe6 Rg1+ 51. Kf3 Rf1+ 52. Ke2 Rf2+ 53. Kd3 Rd2+ 54. Kc3 Rd1 55. g5 Bd2+ 56. Kc2 Rc1+ 57. Kd3 Rc3+ 58. Ke2 Rc2 59. Kf3 Rc1 60. g6 Rg1 61. c6 Ba5 62. c7 Bxc7 63. Nxc7+ Kf8 64. Rf7+ Kg8 65. Nxd5 Kh8 66. Rh7+ Kg8 67. Nf6+ 1-0

[Event "Kostroma Volga Cup"]
[Site "Kostroma"]
[Date "2012.07.09"]
[Round "6"]
[White "Lomako, Pavel"]
[Black "Shkalov, Oleg"]
[Result "1/2-1/2"]
[WhiteElo "2367"]
[BlackElo "2243"]
[PlyCount "23"]
[EventDate "2012.07.04"]
[EventType "tourn"]
[EventRounds "9"]
[EventCountry "RUS"]
[EventCategory "3"]
[SourceTitle "EXT 2013"]
[Source "ChessBase"]
[SourceDate "2012.11.22"]
[SourceVersion "1"]
[SourceVersionDate "2012.11.22"]
[SourceQuality "1"]

1. d4 Nf6 2. Nf3 e6 3. Bg5 h6 4. Bh4 b6 5. e3 Bb7 6. Nbd2 Be7 7. Bd3 d6 8. 0-0 Nbd7 9. Qe2 0-0 10. Rad1 Nh5 11. Bxe7 Qxe7 12. Ba6 1/2-1/2

[Event "Kostroma Volga Cup"]
[Site "Kostroma"]
[Date "2012.07.08"]
[Round "5"]
[White "Moiseenko, Ilya"]
[Black "Lomako, Pavel"]
[Result "1-0"]
[WhiteElo "2242"]
[BlackElo "2367"]
[PlyCount "109"]
[EventDate "2012.07.04"]
[EventType "tourn"]
[EventRounds "9"]
[EventCountry "RUS"]
[EventCategory "3"]
[SourceTitle "EXT 2013"]
[Source "ChessBase"]
[SourceDate "2012.11.22"]
[SourceVersion "1"]
[SourceVersionDate "2012.11.22"]
[SourceQuality "1"]

1. c4 Nf6 2. Nf3 b6 3. g3 Bb7 4. Bg2 e6 5. 0-0 Be7 6. Nc3 0-0 7. Re1 d5 8. cxd5 Nxd5 9. e4 Nxc3 10. bxc3 c5 11. d4 Nc6 12. d5 exd5 13. exd5 Na5 14. Ne5 Bd6 15. Bf4 Qc7 16. Qh5 Rad8 17. h4 Ba6 18. a4 Rfe8 19. Nc6 Rxe1+ 20. Rxe1 Nxc6 21. Bxd6 Qxd6 22. dxc6 Bc4 23. a5 bxa5 24. Qe5 Qe6 25. c7 Rf8 26. Bb7 h6 27. Qxe6 Bxe6 28. Rxe6 fxe6 29. c8Q Rxc8 30. Bxc8 Kf7 31. Ba6 a4 32. Bc4 Kf6 33. Kg2 Ke5 34. Kf3 a3 35. Ke3 Kf5 36. f3 h5 37. Ba2 Ke5 38. Kd3 a5 39. Kc4 Kd6 40. Kb5 e5 41. Kxa5 e4 42. fxe4 Ke5 43. Bd5 c4 44. Bxc4 Kxe4 45. Ba2 Kf3 46. c4 Kxg3 47. c5 Kxh4 48. c6 g5 49. c7 g4 50. c8Q g3 51. Qc6 g2 52. Qg6 Kh3 53. Bd5 a2 54. Qxg2+ Kh4 55. Qh2+ 1-0

[Event "Kostroma Volga Cup"]
[Site "Kostroma"]
[Date "2012.07.06"]
[Round "3"]
[White "Kozionov, Kirill"]
[Black "Lomako, Pavel"]
[Result "0-1"]
[WhiteElo "2272"]
[BlackElo "2367"]
[PlyCount "84"]
[EventDate "2012.07.04"]
[EventType "tourn"]
[EventRounds "9"]
[EventCountry "RUS"]
[EventCategory "3"]
[SourceTitle "EXT 2013"]
[Source "ChessBase"]
[SourceDate "2012.11.22"]
[SourceVersion "1"]
[SourceVersionDate "2012.11.22"]
[SourceQuality "1"]

1. d4 Nf6 2. c4 e6 3. Nc3 Bb4 4. e3 0-0 5. a3 Bxc3+ 6. bxc3 d6 7. Bd3 e5 8. f3 e4 9. fxe4 Nxe4 10. Qf3 f5 11. Ne2 Nd7 12. Bxe4 Qh4+ 13. Ng3 fxe4 14. Qxe4 Qxe4 15. Nxe4 b6 16. Ra2 Ba6 17. Rf2 Bxc4 18. Nd2 Bd3 19. Rf3 d5 20. Rxf8+ Rxf8 21. Nf3 Nf6 22. Kd2 Bc4 23. Kc2 Ne4 24. Bd2 Be2 25. Be1 Bxf3 26. gxf3 Rxf3 27. Kd3 Rf2 28. c4 c6 29. a4 g6 30. a5 bxa5 31. cxd5 cxd5 32. Bxa5 Ra2 33. Be1 a5 34. Rf1 Kg7 35. h4 a4 36. h5 Rb2 37. Rh1 a3 38. h6+ Kg8 39. Rf1 a2 40. Bb4 Rxb4 41. Ra1 Rb2 42. Rxa2 Nf2+ 0-1

[Event "Kostroma Spring"]
[Site "Kostroma"]
[Date "2012.03.05"]
[Round "9"]
[White "Lomako, Pavel"]
[Black "Tsyhanchuk, Stanislav"]
[Result "1/2-1/2"]
[WhiteElo "2377"]
[BlackElo "2326"]
[PlyCount "37"]
[EventDate "2012.03.01"]
[EventType "tourn"]
[EventRounds "9"]
[EventCountry "RUS"]
[SourceTitle "EXT 2013"]
[Source "ChessBase"]
[SourceDate "2012.11.22"]
[SourceVersion "1"]
[SourceVersionDate "2012.11.22"]
[SourceQuality "1"]

1. d4 Nf6 2. Nf3 e6 3. Bg5 c5 4. c3 Be7 5. e3 b6 6. Nbd2 cxd4 7. cxd4 Bb7 8. Bd3 d6 9. 0-0 0-0 10. Qe2 Nbd7 11. Rfc1 Nd5 12. Bxe7 Qxe7 13. a3 Rfc8 14. Qf1 Rxc1 15. Rxc1 Rc8 16. Rxc8+ Bxc8 17. Ba6 Qd8 18. Bxc8 Qxc8 19. Qc4 1/2-1/2

[Event "Kostroma Spring"]
[Site "Kostroma"]
[Date "2012.03.05"]
[Round "8"]
[White "Shkalov, Oleg"]
[Black "Lomako, Pavel"]
[Result "1/2-1/2"]
[WhiteElo "2231"]
[BlackElo "2377"]
[PlyCount "25"]
[EventDate "2012.03.01"]
[EventType "tourn"]
[EventRounds "9"]
[EventCountry "RUS"]
[SourceTitle "EXT 2013"]
[Source "ChessBase"]
[SourceDate "2012.11.22"]
[SourceVersion "1"]
[SourceVersionDate "2012.11.22"]
[SourceQuality "1"]

1. e4 d5 2. exd5 Nf6 3. Bb5+ Bd7 4. Be2 Nxd5 5. d4 Bf5 6. Nf3 e6 7. 0-0 Be7 8. c4 Nb4 9. Nc3 Nc2 10. Rb1 Nb4 11. Ra1 Nc2 12. Rb1 Nb4 13. Ra1 1/2-1/2

[Event "Kostroma Spring"]
[Site "Kostroma"]
[Date "2012.03.02"]
[Round "4"]
[White "Mischuk, Dmitry"]
[Black "Lomako, Pavel"]
[Result "1/2-1/2"]
[WhiteElo "2334"]
[BlackElo "2377"]
[PlyCount "45"]
[EventDate "2012.03.01"]
[EventType "tourn"]
[EventRounds "9"]
[EventCountry "RUS"]
[SourceTitle "EXT 2013"]
[Source "ChessBase"]
[SourceDate "2012.11.22"]
[SourceVersion "1"]
[SourceVersionDate "2012.11.22"]
[SourceQuality "1"]

1. d4 Nf6 2. c4 e6 3. Nf3 b6 4. g3 Bb7 5. Bg2 Bb4+ 6. Bd2 Bxd2+ 7. Qxd2 0-0 8. Nc3 Ne4 9. Nxe4 Bxe4 10. 0-0 Nc6 11. Nh4 Bxg2 12. Nxg2 f5 13. d5 Ne5 14. b3 Ng6 15. dxe6 dxe6 16. Rad1 Qe7 17. Qd7 Rad8 18. Qxe7 Nxe7 19. Nf4 Kf7 20. f3 Ng6 21. Nxg6 Kxg6 22. Kf2 Kf6 23. Ke3 1/2-1/2

[Event "Cherepovets North Cup"]
[Site "Cherepovets"]
[Date "2012.02.22"]
[Round "1"]
[White "Lomako, Pavel"]
[Black "Moiseenko, Vadim"]
[Result "0-1"]
[WhiteElo "2385"]
[BlackElo "2441"]
[PlyCount "122"]
[EventDate "2012.02.22"]
[EventType "tourn"]
[EventRounds "9"]
[EventCountry "RUS"]
[EventCategory "2"]
[SourceTitle "EXT 2013"]
[Source "ChessBase"]
[SourceDate "2012.11.22"]
[SourceVersion "1"]
[SourceVersionDate "2012.11.22"]
[SourceQuality "1"]

1. d4 Nf6 2. Nf3 e6 3. Bg5 c5 4. c3 h6 5. Bh4 b6 6. e3 Bb7 7. Nbd2 Be7 8. Bd3 d6 9. 0-0 0-0 10. Re1 Nbd7 11. h3 Nh5 12. Bxe7 Qxe7 13. a4 a6 14. Nc4 Rfd8 15. Bf1 Nhf6 16. dxc5 dxc5 17. Nfd2 Rab8 18. Qc2 b5 19. Na5 Ba8 20. Nf3 e5 21. axb5 axb5 22. Red1 Qe6 23. Nd2 Rb6 24. c4 b4 25. Nab3 e4 26. Ra5 Qe7 27. Rda1 Rbb8 28. Be2 Rbc8 29. Ra7 Qe5 30. R1a5 Nb6 31. Nf1 Rd6 32. Qc1 h5 33. Qa1 Rdd8 34. Nd4 h4 35. Nh2 Qe8 36. Nb3 Nfd7 37. R5a6 f5 38. Qa5 Rc6 39. Qb5 Qe6 40. Nf1 Kh7 41. Nfd2 Qd6 42. Nf1 Rb8 43. Ra1 Ne5 44. Rd1 Nd3 45. Nc1 Nc8 46. Rxa8 Rxb5 47. cxb5 Rc7 48. Nxd3 exd3 49. Bxd3 g6 50. Bc4 Qxd1 51. Ra6 b3 52. Be6 Qd3 53. Ra3 Qxb5 54. Rxb3 Qc6 55. Bc4 Rb7 56. Rd3 Rxb2 57. Rd8 Nd6 58. Be6 c4 59. g4 hxg3 60. Nxg3 Qf3 61. Rd7+ Kh6 0-1